Statystyki dla Wszystkie miejscowości i wsie w powiecie pabianickim

Kliknij tutaj aby rozwiązać quiz!

Ogólne statystyki

  • Ten quiz został rozwiązany 21 razy
    (20 od ostatniego zresetowania)
  • Średni wynik to 26 z 119

Statystyki odpowiedzi

INFORMACJAMIEJSCOWOŚĆ% Poprawnych
miejscowośćDobroń
93%
miastoPabianice
93%
miejscowośćDłutów
87%
miastoLutomiersk
87%
miastoKonstantynów Łódzki
73%
miejscowośćKsawerów
73%
wieś; gmina PabianiceGórka Pabianicka
67%
wieś; gmina PabianiceBychlew
60%
wieś; gmina DłutówHuta Dłutowska
53%
wieś; gmina PabianiceKudrowice
53%
wieś; gmina DobrońChechło Drugie
47%
wieś; gmina DobrońChechło Pierwsze
47%
wieś; gmina DobrońKolonia Ldzań
47%
wieś; gmina DobrońLdzań
47%
wieś; gmina PabianicePiątkowisko
47%
wieś; gmina LutomierskBechcice-Kolonia
40%
wieś; gmina DobrońDobroń Duży
40%
wieś; gmina DobrońDobroń Mały
40%
wieś; gmina DobrońMarkówka
40%
wieś; gmina PabianicePawlikowice
40%
wieś; gmina PabianiceRydzyny
40%
wieś; gmina PabianiceSzynkielew
40%
wieś; gmina PabianiceHermanów
33%
wieś; gmina DobrońMogilno Duże
33%
wieś; gmina DobrońMogilno Małe
33%
wieś; gmina DobrońOrpelów
33%
wieś; gmina DobrońOrpelów-Numerki
33%
osada; gmina DłutówPawłówek
33%
wieś; gmina PabianicePetrykozy
33%
wieś; gmina PabianicePorszewice
33%
wieś; gmina DobrońRóża
33%
wieś; gmina KsawerówWola Zaradzyńska
33%
wieś; gmina DobrońWymysłów Francuski
33%
wieś; gmina LutomierskBechcice-Parcela
27%
wieś; gmina PabianiceJadwinin
27%
wieś; gmina LutomierskKazimierz
27%
wieś; gmina PabianiceKonin
27%
wieś; gmina DłutówOrzk
27%
wieś; gmina DobrońPoleszyn
27%
wieś; gmina DobrońPrzygoń
27%
osada; gmina DobrońTalar
27%
wieś; gmina PabianiceŻytowice
27%
wieś; gmina LutomierskBabice
20%
wieś; gmina DobrońBarycz
20%
wieś; gmina LutomierskBechcice-Wieś
20%
wieś; gmina DłutówCzyżemin
20%
wieś; gmina PabianiceGorzew
20%
osada; gmina DłutówKosiołki-Las
20%
wieś; gmina PabianiceOkołowice
20%
wieś; gmina PabianiceŚwiątniki
20%
wieś; gmina PabianiceTerenin
20%
wieś; gmina DobrońWincentów
20%
wieś; gmina PabianiceWola Żytowska
20%
wieś; gmina LutomierskWrząca
20%
wieś; gmina DobrońWymysłów-Piaski
20%
wieś; gmina LutomierskZalew
20%
wieś; gmina LutomierskAlbertów
13%
wieś; gmina LutomierskBabiczki
13%
wieś; gmina DobrońBrogi
13%
wieś; gmina DłutówBudy Dłutowskie
13%
wieś; gmina DłutówDąbrowa
13%
wieś; gmina LutomierskFlorentynów
13%
wieś; gmina PabianiceJanowice
13%
wieś; gmina PabianiceMajówka
13%
wieś; gmina LutomierskMikołajewice
13%
wieś; gmina DobrońMorgi
13%
wieś; gmina LutomierskOrzechów
13%
wieś; gmina PabianicePetrykozy-Osiedle
13%
wieś; gmina DłutówŚlądkowice
13%
wieś; gmina DobrońSzczerki
13%
wieś; gmina PabianiceWładysławów
13%
wieś; gmina DobrońWymysłów-Enklawa
13%
wieś; gmina DobrońZimne Wody
13%
wieś; gmina LutomierskAntoniew
7%
wieś; gmina LutomierskCharbice Dolne
7%
wieś; gmina LutomierskCharbice Górne
7%
wieś; gmina LutomierskCzołczyn
7%
wieś; gmina DłutówDłutówek
7%
wieś; gmina LutomierskDziektarzew
7%
wieś; gmina LutomierskFranciszków
7%
wieś; gmina PabianiceHuta Janowska
7%
wieś; gmina LutomierskJerwonice
7%
wieś; gmina LutomierskJeziorko
7%
wieś; gmina LutomierskLegendzin
7%
wieś; gmina LutomierskMadaje Nowe
7%
wieś; gmina LutomierskMalanów
7%
wieś; gmina LutomierskMianów
7%
wieś; gmina LutomierskMirosławice
7%
wieś; gmina KsawerówNowa Gadka
7%
wieś; gmina LutomierskPrusinowice
7%
wieś; gmina LutomierskPrusinowiczki
7%
wieś; gmina LutomierskPuczniew
7%
wieś; gmina LutomierskStanisławów Nowy
7%
wieś; gmina LutomierskStanisławów Stary
7%
wieś; gmina LutomierskSzydłów
7%
wieś; gmina LutomierskSzydłówek
7%
wieś; gmina LutomierskWola Puczniewska
7%
wieś; gmina LutomierskWygoda Mikołajewska
7%
wieś; gmina PabianiceWysieradz
7%
wieś; gmina LutomierskZdziechów
7%
wieś; gmina LutomierskZdziechów Nowy
7%
osada; gmina LutomierskZofiówka
7%
wieś; gmina LutomierskZygmuntów
7%
wieś; gmina DłutówBorkowice
0%
wieś; gmina DłutówDrzewociny
0%
wieś; gmina DłutówJastrzębieniec
0%
wieś; gmina DłutówŁaziska
0%
wieś; gmina DłutówLesieniec
0%
wieś; gmina DłutówLeszczyny Duże
0%
wieś; gmina DłutówLeszczyny Małe
0%
wieś; gmina DłutówMierzączka Duża
0%
wieś; gmina DłutówPiętków
0%
wieś; gmina PabianicePliszka
0%
wieś; gmina PabianicePotaźnia
0%
wieś; gmina DłutówRedociny
0%
wieś; gmina DłutówStoczki-Porąbki
0%
wieś; gmina DłutówŚwierczyna
0%
wieś; gmina DłutówTążewy
0%
wieś; gmina LutomierskŻuraniewiec
0%

Rozkład punktacji

Percentyl według liczby udzielonych odpowiedzi

Procent ludzi z każdym wynikiem

Twoja historia wyników

Nie rozwiązałeś tego quizu od ostatniego zresetowania